Copyright essentials for librarians and educators

Αποθηκεύτηκε σε:
Λεπτομέρειες βιβλιογραφικής εγγραφής
Κύριος συγγραφέας: Crews, Kenneth D.
Μορφή: Βιβλίο
Γλώσσα:English
Δημοσίευση: Chcago and London : American Library Association, 2000
Θέματα:
Ετικέτες: Προσθήκη ετικέτας
Δεν υπάρχουν, Καταχωρήστε ετικέτα πρώτοι!

MARC

LEADER 00000nam a2200000 i 4500
001 1/50613
008 040310s2000 eng d
020 |a 08389-0797-0 
035 |l 10072612 
040 |a GR-MY-UA  |b gre  |e aacr 
041 0 |a eng 
082 0 |a 025.26  |2 (21) 
100 1 |a Crews, Kenneth D. 
245 1 0 |a Copyright essentials for librarians and educators /  |c Kenneth D. Crews with contributions from Dwayne K. Buttler...[et al.] 
260 |a Chcago and London :   |b American Library Association,   |c 2000 
300 |a v, 146 σ. 
504 |a Περιέχει βιβλιογραφία και ευρετήριο 
650 0 0 |a Copyright  |z United States. 
650 0 0 |a Librarians  |z United States  |x Handbooks, manuals, etc. 
650 0 0 |a Teachers  |z United States  |x Handbooks, manuals, etc. 
852 |a INST  |b LESVOS  |e 20040310  |h 025.26 CRE  |p 005100030855  |q 005100030855  |t BK  |y 0 
901 |a BIBL1-2004-1 
909 |a Λ  |b 109076 
922 |a 1ΕΛΗ  |b 200402  |c ΤΑΚ/ΚΥΒ  |d LEADER 
950 |a 023-2003-06-30 
970 |a ΤΖΑΦΕΡΗ  |b ΕΥΑΓΓΕΛΙΑ  |z 2004/03/15